000
00350 a2200169 4500
001
187512
020
_a
85-16-00632-8
040
_c
Magnum
100
_a
Kupstas, Marcia
240
1
0
_a
O poço da bruxa
_l
por
245
1
0
_a
O poço da bruxa
300
_a
15
362
0
_a
1997
440
1
_a
Moderna
697
_a
LITERATURA INFANTO
942
_c
BK
999
_c
187512
_d
187512